Simple economics and bookkeeping for fish farmers

Đã lưu trong:
Sonraí Bibleagrafaíochta
Príomhúdar: Williams, Colin
Formáid: Leabhar
Teanga:Undetermined
Foilsithe: Rome FAO 1992
Ábhair:
Clibeanna: Cuir Clib Leis
Gan Chlibeanna, Bí ar an gcéad duine leis an taifead seo a chlibeáil!
Thư viện lưu trữ: Trung tâm Học liệu Trường Đại học Cần Thơ
LEADER 00535nam a2200181Ia 4500
001 CTU_159990
008 210402s9999 xx 000 0 und d
082 |a 338.1 
082 |b W721/N19 
100 |a Williams, Colin 
245 0 |a Simple economics and bookkeeping for fish farmers 
245 0 |c Text and illustrtions Colin Williams 
260 |a Rome 
260 |b FAO 
260 |c 1992 
650 |a Economics,Farmer,Kinh tế,Nông dân 
904 |i Hồng, Năm 
980 |a Trung tâm Học liệu Trường Đại học Cần Thơ